Die Oberlausitz
| Titel: | Die Oberlausitz / / Moderation: Axel Bulthaupt ; MDR |
|---|---|
| Beteiligt: | |
| Körperschaft: | |
| Veröffentlicht: | Merenberg : : ZYX Music GmbH & Co. KG,, [2016] |
| Umfang: | 1 DVD-Video (90 min) : : farbig ; ; 12 cm |
| Format: | DVD |
| Sprache: | Deutsch |
| Schriftenreihe/ mehrbändiges Werk: |
Sagenhaft |
X
alg: 40236042 001A $03004:18-04-17 001B $03004:21-04-17 $t09:02:04.000 001D $03004:18-04-17 001U $0utf8 001X $00 002@ $0Sau 002C $azweidimensionales bewegtes Bild $btdi $2rdacontent 002D $avideo $bv $2rdamedia 002E $aVideodisk $bvd $2rdacarrier 003@ $0402360427 004A $f: EUR 11,95 004K $0090204693283 007A $0469544503 $aBSZ 010@ $ager 010E $erda 011@ $a2016 $n[2016] 013D $RAudiovisuelles Material $#Cinematography $#Motion pictures $#Cinéma $#Películas cinematográficas $#Cine $#films $#Motion Pictures $#Film $#Film $#Kino Film $#Filmaufnahme $74017102-4 $8Film [Tsz] $9085039985 021A $aDie @Oberlausitz $h/ Moderation: Axel Bulthaupt ; MDR 028C $BModerator $4mod $7133273407 $8Bulthaupt, Axel$Z1966- [Tp1] $9189774010 029F $#Mitteldeutscher Rundfunk $#Mitteldeutscher Rundfunk $#Mitteldeutscher Rundfunk, Presse- und Öffentlichkeitsarbeit $#MDR $#Radio Leipzig Mitteldeutscher Rundfunk $#Leipziger Rundfunk Mitteldeutscher Rundfunk $#Mirag Körperschaft $75052464-1 $8Mitteldeutscher Rundfunk [Tb1] $9044671687 033A $pMerenberg $n: ZYX Music GmbH & Co. KG, 034D $a1 DVD-Video (90 min) : 034I $a12 cm 034M $afarbig ; 036G $aSagenhaft 037A $aAudio: Dolby Digital. 037A $aBildformat: 16:9. 037A $aDokumentarfilm. Deutschland. 2016 044K $RLausitz $#Lausitz, Süd $#Südliche Lausitz $74042942-8 $8Oberlausitz [Tg1] $9085119431 lok: 40236042 24 exp: 40236042 24 1 #EPN 201B/01 $021-04-17 $t09:02:43.000 201C/01 $018-04-17 201U/01 $0utf8 203@/01 $0805228047 208@/01 $a21-04-17 $bz 209A/01 $aERes 601 $du $f050 $hERES 601 $x00 209C/01 $a17.01750 K $h17 01750 K 209G/01 $a73739209 $x00 220C/01 $aeng/hae 247C/01 $8358050-7Marburg, Bibliothek des Herder-Instituts Marburg $9102600961
| LEADER | 00000cam a2200000 c 4500 | ||
|---|---|---|---|
| 001 | 402360427 | ||
| 003 | DE-603 | ||
| 005 | 20170421090204.0 | ||
| 007 | c||||||||||||| | ||
| 008 | 170418s2016 xx |||| q| u00||u|ger c | ||
| 024 | 3 | |a 090204693283 | |
| 035 | |a (DE-599)BSZ469544503 | ||
| 040 | |a DE-603 |b ger |c DE-603 |d DE-603 |e rda | ||
| 041 | |a ger | ||
| 245 | 0 | 0 | |a Die Oberlausitz |c / Moderation: Axel Bulthaupt ; MDR |
| 264 | 1 | |a Merenberg |b : ZYX Music GmbH & Co. KG, |c [2016] | |
| 300 | |a 1 DVD-Video (90 min) : |b farbig ; |c 12 cm | ||
| 336 | |a zweidimensionales bewegtes Bild |b tdi |2 rdacontent | ||
| 337 | |a video |b v |2 rdamedia | ||
| 338 | |a Videodisk |b vd |2 rdacarrier | ||
| 490 | 0 | |a Sagenhaft | |
| 500 | |a Audio: Dolby Digital. | ||
| 500 | |a Bildformat: 16:9. | ||
| 500 | |a Dokumentarfilm. Deutschland. 2016 | ||
| 651 | 7 | |a Oberlausitz |0 (DE-588)4042942-8 |0 (DE-603)085119431 |2 gnd | |
| 655 | 7 | |a Film |2 gnd-content |0 (DE-588)4017102-4 |0 (DE-603)085039985 | |
| 700 | 1 | |a Bulthaupt, Axel |d 1966- |e Moderator |4 mod |0 (DE-603)189774010 |0 (DE-588)133273407 |2 gnd | |
| 710 | 2 | |a Mitteldeutscher Rundfunk |0 (DE-603)044671687 |0 (DE-588)5052464-1 |2 gnd | |
| 924 | 0 | |9 Mb 50 |a (DE-603)805228047 |b DE-Mb50 |c HES |d c |g ERes 601 | |


